Guía para el cultivo y aprovechamiento del botón de oro Tithonia diversifolia (Hemsl.) Gray / (Registro nro. 4231)

Detalles MARC
000 -CABECERA
Campo de control 01113nam a2200313 a 4500
005 - FECHA Y HORA DE LA ULTIMA TRANSACCION
Campo de control 20200104041548.0
008 - ELEMENTOS DE LONGITUD FIJA—INFORMACION GENERAL
Campo de control 140314s2002 ck a gr|||| 000 0 spa d
020 ## - ISBN
ISBN 958698088X
040 ## - FUENTE DE CATALOGACIÓN
Agencia catalogadora original CO-BoIAVH
Agencia transcriptora CO-BoIAVH
041 0# - IDIOMA
Código de idioma para texto/pista de sonido o título separado Español
044 ## - PAÍS DE PUBLICACIÓN
País de publicación Colombia
082 04 - NUMERO DE CLASIFICACION DECIMAL DEWEY
Número de clasificación 633.39
Número del ítem R78g1
100 1# - ASIENTO PRINCIPAL--NOMBRE PERSONAL
Nombre personal Ríos Katto, Clara Inés
9 (RLIN) 21406
245 10 - MENCION DE TITULO
Título Guía para el cultivo y aprovechamiento del botón de oro Tithonia diversifolia (Hemsl.) Gray /
Mención de responsabilidad Covenio Andres Bello
260 ## - PUBLICACION, DISTRIBUCION, ETC. (PIE DE IMPRENTA)
Lugar de publicación, distribución, etc. Bogotá :
Nombre del editor, distribuidor, etc. Covenio Andres Bello,
Fecha de publicación, distribución, etc. 2002.
300 ## - DESCRIPCION FISICA
Extensión 41 páginas :
Otros detalles físicos Ilustraciones,
Dimensiones 27 x 21 cm.
505 ## - NOTA DE CONTENIDO
Nota de contenido Incluye referencias bibliográficas páginas 27-30.
650 16 - ASIENTO SECUNDARIO DE MATERIA - TERMINO TEMATICO
Término temático o nombre geográfico como elemento de entrada Botón de oro
Subdivisión general Cultivo
9 (RLIN) 84552
650 26 - ASIENTO SECUNDARIO DE MATERIA - TERMINO TEMATICO
Término temático o nombre geográfico como elemento de entrada Botón de oro
Subdivisión general Taxonomía
9 (RLIN) 84553
650 24 - ASIENTO SECUNDARIO DE MATERIA - TERMINO TEMATICO
Término temático o nombre geográfico como elemento de entrada Aprovechamiento de recursos
9 (RLIN) 58725
650 24 - ASIENTO SECUNDARIO DE MATERIA - TERMINO TEMATICO
Término temático o nombre geográfico como elemento de entrada Plantas forrajeras
9 (RLIN) 84555
650 24 - ASIENTO SECUNDARIO DE MATERIA - TERMINO TEMATICO
Término temático o nombre geográfico como elemento de entrada Plantas alimenticias
9 (RLIN) 5669
650 24 - ASIENTO SECUNDARIO DE MATERIA - TERMINO TEMATICO
Término temático o nombre geográfico como elemento de entrada Alimentación de los animales
9 (RLIN) 58775
650 24 - ASIENTO SECUNDARIO DE MATERIA - TERMINO TEMATICO
Término temático o nombre geográfico como elemento de entrada Plantas para cercas vivas
9 (RLIN) 58776
650 24 - ASIENTO SECUNDARIO DE MATERIA - TERMINO TEMATICO
Término temático o nombre geográfico como elemento de entrada Cultivo
9 (RLIN) 84557
650 24 - ASIENTO SECUNDARIO DE MATERIA - TERMINO TEMATICO
Término temático o nombre geográfico como elemento de entrada Plantas ornamentales
9 (RLIN) 294
650 24 - ASIENTO SECUNDARIO DE MATERIA - TERMINO TEMATICO
Término temático o nombre geográfico como elemento de entrada Tithonia diversifolia
9 (RLIN) 47204
942 ## - ELEMENTOS ADICIONALES (KOHA)
Tipo de ítem Libro
Sistema de clasificación Dewey Decimal Classification
Existencias
Withdrawn status Lost status Sistema de Clasificación Damaged status No para préstamo Colección Inventariado Ubicación Permanente Ubicación actual Fecha de adquisición Fuente de Valor Valor Total Checkouts Número topográfico Inventario / Código de Barras Date last seen Ejemplar Price effective from Tipo de material Forma de adquisición
    Dewey Decimal Classification     General Inventariado 2017 Bogotá Bogotá 19/10/2004 Instituto 15000.00   LB-633.39 R78g1 016836 04/12/2012 Ej. 1 04/12/2012 Libro  
    Dewey Decimal Classification     General Inventariado 2017 Sala Fabio Quevedo Sala Fabio Quevedo 19/10/2004 Instituto 15000.00   LB-633.39 R78g1 004854 04/12/2012 Ej. 2 04/12/2012 Libro Donación